Research methods in Linguistics

Salvato in:
Dettagli Bibliografici
Autore principale: Litosseliti, Lia (autora)
Natura: Libro
Lingua:inglese
Pubblicazione: Londres Continuum 2010
Soggetti:
Tags: Aggiungi Tag
Nessun Tag, puoi essere il primo ad aggiungerne!!

MARC

LEADER 00000cam a2200000 a 4500
001 UCG1566
003 CL-VaPUC
008 100506e20100000UK |||||||||||||||||eng|d
020 |a 9780826489937 
082 0 4 |a 410  |b LIT  |2 21 
100 |a Litosseliti, Lia  |e autora  |9 549561 
245 1 0 |a Research methods in Linguistics 
300 |a 227 p 
942 |c BK 
945 |d 20100506 00:00:00  |a dcastane 
260 |a Londres  |b Continuum  |c 2010 
650 0 |a Lingüística  |9 265068 
650 0 |a Métodos de investigación   |9 262618 
650 0 |a Investigación lingüística  |9 329785 
583 |a last modification  |c 20120329 11:05:06  |k Rodrigo Vera 
999 |c 340913  |d 340911 
952 |0 0  |1 0  |4 0  |6 410_000000000000000_LIT_2010  |7 0  |8 A  |9 436059  |a FDOPOS  |b FDOPOS  |d 2019-11-22  |i 4672089  |o 410 LIT 2010  |p 4672089  |r 2025-01-22  |w 2019-11-22  |y BK  |k DLA 
952 |0 0  |1 0  |4 0  |6 410_000000000000000_LIT_2010  |7 0  |8 A  |9 436060  |a FDOPOS  |b FDOPOS  |d 2019-11-22  |i 4853636  |o 410 LIT 2010  |p 4853636  |r 2025-01-22  |w 2019-11-22  |y BK  |k DLA